000 00342 a2200157 4500
001 75411
020 _a0582451930
040 _cAnchieta - Colégio São Paulo
100 _aLevithan, David
240 1 0 _aThe Mummy
_lpor
245 1 0 _aThe Mummy
300 _a40
362 0 _a1999
650 4 _aLiteratura infantil em inglês
942 _cBK
999 _c75411
_d75411